Statistics for UEFA Champions League - 100 Club

Click here to take the quiz!

General Stats

  • This quiz has been taken 2,351 times
    (1,736 since last reset)
  • The average score is 26 of 38

Answer Stats

Appearances:Nationality:Position:Player:% Correct
162PortugalForwardCristiano Ronaldo
100%
135ArgentinaForwardLionel Messi
98%
177SpainGoalkeeperIker Casillas
97%
151SpainMidfielderXavi
96%
130SpainMidfielderAndés Iniesta
95%
122ItalyGoalkeeperGianluigi Buffon
89%
119SwedenForwardZlatan Ibrahimovic
87%
141WalesMidfielderRyan Giggs
85%
100GermanyGoalkeeperManuel Neuer
81%
111Czech RepublicGoalkeeperPetr Čech
81%
119SpainDefenderSergio Ramos
81%
142SpainForwardRaúl
78%
105EnglandMidfielderFrank Lampard
77%
112FranceForwardThierry Henry
76%
100UkraineForwardAndriy Shevchenko
72%
124EnglandMidfielderPaul Scholes
70%
115SpainDefenderCarles Puyol
69%
109SpainDefenderGerard Piqué
69%
109ItalyDefenderPaolo Maldini
67%
106SpainMidfielderSergio Busquets
66%
105GermanyForwardThomas Müller
66%
103GermanyGoalkeeperOliver Kahn
65%
110NetherlandsForwardArjen Robben
63%
112GermanyDefenderPhilipp Lahm
62%
108ItalyMidfielderAndrea Pirlo
61%
112FranceForwardKarim Benzema
61%
109EnglandDefenderJohn Terry
60%
120BrazilDefenderRoberto Carlos
59%
106SpainGoalkeeperVictor Valdés
53%
103PortugalMidfielderLuís Figo
52%
111BrazilDefenderDani Alves
51%
119SpainMidfielderXabi Alonso
50%
125NetherlandsMidfielderClarence Seedorf
49%
108EnglandDefenderAshley Cole
45%
107EnglandMidfielderDavid Beckham
45%
109EnglandDefenderGary Neville
33%
104SpainMidfielderCesc Fàbregas
30%
108FranceDefenderPatrice Evra
22%

Score Distribution

Percentile by Number Answered

Percent of People with Each Score

Your Score History

You have not taken this quiz since the last reset